Statistics for Australian Athletes

Click here to take the quiz!

General Stats

  • This quiz has been taken 99 times
  • The average score is 18 of 22

Answer Stats

HintAnswer% Correct
Garry AblettAFL
96%
Ricky PontingCricket
95%
Kathy FreemanAthletics
94%
Ian ThorpeSwimming
94%
Michael ClarkeCricket
91%
Shane WarneCricket
91%
Lleyton HewittTennis
91%
Billy SlaterRugby League
89%
Sally PearsonAthletics
88%
Adam GilchristCricket
86%
Tim CahillSoccer
86%
Joel SelwoodAFL
84%
Cadel EvansCycling
82%
Tony LockettAFL
81%
Harry KewelSoccer
76%
Quade CooperRugby Union
75%
Greg NormanGolf
73%
Mark WebberFormula One
72%
Andrew GazeBasketball
68%
Layne BeachleySurfing
66%
Craig LowndesV8 Supercars
64%
Casey StonerMoto GP
60%

Score Distribution

Percentile by Number Answered

Percent of People with Each Score

Your Score History

You have not taken this quiz